The Internet Challenge To Television, (Record no. 5503)

MARC details
005 - DATE AND TIME OF LATEST TRANSACTION
control field 20250627063342.0
020 ## - INTERNATIONAL STANDARD BOOK NUMBER
International Standard Book Number 0-674-00389-6
082 ## - DEWEY DECIMAL CLASSIFICATION NUMBER
Classification number 384.55'0973c OWE.
100 ## - MAIN ENTRY--PERSONAL NAME
Author name OWEN, N. B.
245 ## - TITLE STATEMENT
Title The Internet Challenge To Television,
250 ## - EDITION STATEMENT
Edition statement 3rd Ed.
260 ## - PUBLICATION, DISTRIBUTION, ETC.
Place of publication, distribution, etc. New York,
Name of publisher, distributor, etc. Library Of Congress Cataloging-In- Publication Data
Date of publication, distribution, etc. 2000.
300 ## - PHYSICAL DESCRIPTION
Extent ix.; 327p.; Ill.; picture,
Other physical details Index & Reference,
Dimensions 23cm.
942 ## - ADDED ENTRY ELEMENTS (KOHA)
Source of classification or shelving scheme Dewey Decimal Classification
Koha item type Books
Holdings
Date last seen Total checkouts Full call number Barcode Cost, replacement price Price effective from Koha item type Lost status Source of classification or shelving scheme Damaged status Not for loan Withdrawn status Home library Current library Shelving location Date acquired Cost, normal purchase price
06/27/2025   384.55'0973c OWE DOM0002453 90000.00 06/27/2025 Books   Dewey Decimal Classification       CBE Dodoma CBE Dodoma General Collection 06/27/2004 30000.00
06/27/2025   384.55'0973c OWE DOM0002467 90000.00 06/27/2025 Books   Dewey Decimal Classification       CBE Dodoma CBE Dodoma General Collection 06/27/2004 30000.00
06/28/2025   384.55BOW DOM0002188 90000.00 06/28/2025 Books   Dewey Decimal Classification       CBE Dodoma CBE Dodoma General Collection 06/27/2004 30000.00
06/28/2025   38E. 55 BOW DOM0002196 90000.00 06/28/2025 Books   Dewey Decimal Classification       CBE Dodoma CBE Dodoma General Collection 06/27/2004 30000.00
06/28/2025   384.55'0973c OWE DOM0002125 90000.00 06/28/2025 Books   Dewey Decimal Classification       CBE Dodoma CBE Dodoma General Collection 06/27/2004 30000.00